Statistics for Top 10 Bundesliga Scorers

Click here to take the quiz!

General Stats

  • This quiz has been taken 32 times
  • The average score is 3 of 10

Answer Stats

GoalsAnswer% Correct
365Gerd Muller
93%
187Robert Lewandowski
83%
194Claudio Pizarro
40%
268Klaus Fischer
13%
220Jupp Heynckes
10%
213Manfred Burgsmuller
7%
182Ulf Kirsten
7%
177Dieter Muller
7%
177Klaus Allofs
7%
179Stefan Kuntz
3%

Score Distribution

Percentile by Number Answered

Percent of People with Each Score

Your Score History

You have not taken this quiz